Catálogo
Digital

Catálogo
Digital

Manual práctico para la prevención de riesgos emergentes (Record no. 14007)

MARC details
000 -CABECERA
campo de control de longitud fija 01465nam a2200301 4500
003 - IDENTIFICADOR DEL NÚMERO DE CONTROL
campo de control EC-UNACH
005 - FECHA Y HORA DE LA ÚLTIMA TRANSACCIÓN
campo de control 20251015103613.0
006 - CÓDIGOS DE INFORMACIÓN DE LONGITUD FIJA--CARACTERÍSTICAS DEL MATERIAL ADICIONAL
campo de control de longitud fija s||||gr|||| 00| 00
008 - DATOS DE LONGITUD FIJA--INFORMACIÓN GENERAL
campo de control de longitud fija 150116t9999 mx r gr 000 0 spa d
020 ## - NÚMERO INTERNACIONAL ESTÁNDAR DEL LIBRO
Número Internacional Estándar del Libro 978-84-92735-96-9
040 ## - FUENTE DE LA CATALOGACIÓN
Centro catalogador/agencia de origen EC-UNACH
Centro/agencia transcriptor EC-UNACH
041 ## - CÓDIGO DE LENGUA
Código de lengua del texto/banda sonora o título independiente spa
082 04 - NÚMERO DE LA CLASIFICACIÓN DECIMAL DEWEY
Número de edición 23
Número de clasificación 620.8
Número de documento/Ítem L011547
110 ## - ENTRADA PRINCIPAL--NOMBRE DE ENTIDAD CORPORATIVA
Nombre de entidad corporativa o nombre de jurisdicción como elemento de entrada FUNDACION CONFEMETAL
245 ## - MENCIÓN DE TÍTULO
Título Manual práctico para la prevención de riesgos emergentes
250 ## - MENCIÓN DE EDICIÓN
Mención de edición Primera edición
264 ## - Producción, publicación, distribución, fabricación y copyright
Lugar de producción, publicación, distribución, fabricación Madrid - España
Nombre del de productor, editor, distribuidor, fabricante FUNDACION CONFEMETAL
Fecha de de producción, publicación, distribución, fabricación o copyright 2011
300 ## - DESCRIPCIÓN FÍSICA
Extensión 280 páginas
Otras características físicas Tablas
505 ## - NOTA DE CONTENIDO CON FORMATO
Nota de contenido con formato Índice --<br/>Prólogo --<br/>Introducción --<br/>Capítulo 1. Riesgos emergentes y prevención --<br/>Capítulo 2. Influencia de las nuevas tecnologías --<br/>Capítulo 3. Los riesgos psicosociales y su relación con los emergentes --<br/>Capítulo 4. El estrés laboral --<br/>Capítulo 5. Acoso laboral --<br/>Capítulo 6. Burnout o síndrome de trabajador quemado (stq) --<br/>Capítulo 7. Carga mental --<br/>Capítulo 8. Carencia de un estudio exhaustivo de los contaminantes --<br/>Capítulo 9. Enfermedades profesionales derivadas de los riesgos emergentes --<br/>Capítulo 10. Colectivos más desfavorecidos --<br/>Referencias.<br/>
650 ## - PUNTO DE ACCESO ADICIONAL DE MATERIA--TÉRMINO DE MATERIA
Término de materia o nombre geográfico como elemento inicial NANOPARTÍCULAS
650 ## - PUNTO DE ACCESO ADICIONAL DE MATERIA--TÉRMINO DE MATERIA
Término de materia o nombre geográfico como elemento inicial VALORACIÓN
650 ## - PUNTO DE ACCESO ADICIONAL DE MATERIA--TÉRMINO DE MATERIA
Término de materia o nombre geográfico como elemento inicial ESTRÉS LABORAL
700 ## - PUNTO DE ACCESO ADICIONAL--NOMBRE DE PERSONA
Nombre de persona Azcuénaga Linaza, Luis María
942 ## - ELEMENTOS DE PUNTO DE ACCESO ADICIONAL (KOHA)
Tipo de ítem Koha Libros
Fuente del sistema de clasificación o colocación Clasificación Decimal Dewey
999 ## - NÚMEROS DE CONTROL DE SISTEMA (KOHA)
Koha biblionumber 14007
Holdings
Estado de pérdida Fuente del sistema de clasificación o colocación Estado dañado No para préstamo Localización permanente Ubicación/localización actual Ubicación en estantería Fecha de adquisición Fuente de adquisición Número de inventario Total de préstamos Signatura topográfica completa Código de barras Fecha visto por última vez Número de copia Precio válido a partir de Tipo de ítem Koha Centro de costos
  Clasificación Decimal Dewey     Biblioteca Campus Norte Biblioteca Campus Norte Facultad de Ingeniería - Generalidades 08/10/2025 Disposición Transitoria SEGUNDA. Resolución No. 0311-CU-UNACH-SE-ORD-16-09-2024 39933291   620.8 AZC L011547 L011547 08/10/2025 Ej: 01 08/10/2025 Libros  

Powered by Koha